Духовное завещание неустановленного лица на имя душеприказчика Поля Андрея Ивановича

Доступно только в Электронных читальных залах Найти на картеНа карте
RUSMARC
00003835nac2a22002651x 450
001d2c71d65-09fc-472c-969a-4edb5fa2a27c
00520131008052729.0
100##$a20130529l1852 k y0rusy50 ca
1010#$arus
102##$aRU
105##$ay z |||||
1220#$ad18520621
2001#$aДуховное завещание неустановленного лица на имя душеприказчика Поля Андрея Ивановича
$j21 июня 1852
215##$a3 листа
251##$cДело
300##$aМашинописный текст
324##$aКопия
330##$aДокументальные материалы, отложившиеся в результате творческой деятельности А. Ф. Кони; Документальные материалы, собранные А. Ф. Кони для своих работ; К биографическим очеркам, мемуарам и другим работам А. Ф. Кони
461#0$10013a54f2e3-e9cf-409b-80fa-f0a9bd3c40cb
$12001
$aКони Анатолий Федорович, юрист, литератор, член академии наук, председатель Санкт-Петербургского окружного суда, член государственного совета
$1251
$cФонд
$1852
$j564
462#0$100178a475cd-a47d-4377-bff3-cee4b81de655
$12001
$aОпись дел фонда А. Ф. Кони за 1880-1931 гг.
$1251
$cОпись
$1852
$j1
600#1$aКони
$bА. Ф.
$f1844-1927
$gАнатолий Федорович
600#1$aПоль
$bА. И.
$gАндрей Иванович
801#0$aRU
$bGA_RF
801#1$aRU
$bНПО Опыт
$c20130529
$2rusmarc
801#2$aRU
$bПБ им. Б.Н. Ельцина
$c20131008
$gRCR
$2rusmarc
852##$aГА РФ
$j351
937##$d38153146
$hПБ
035##$aRuPRLIB51000749
Формат отображения